Consultation on coastal change policy (Record no. 109717)

MARC details
000 -LEADER
fixed length control field 01616cad a22002415a 4500
001 - CONTROL NUMBER
control field L147770
008 - FIXED-LENGTH DATA ELEMENTS--GENERAL INFORMATION
fixed length control field 090616s2009 xxkb f f000 0 eng d
035 ## - SYSTEM CONTROL NUMBER
System control number (Sirsi) u147770
041 0# - LANGUAGE CODE
Language code of text/sound track or separate title eng
050 04 - LIBRARY OF CONGRESS CALL NUMBER
Classification number 627.4 $2 18
110 2# - MAIN ENTRY--CORPORATE NAME
Corporate name or jurisdiction name as entry element United Kingdom
Subordinate unit Department for Environment, Food and Rural Affairs
245 00 - TITLE STATEMENT
Title Consultation on coastal change policy
Medium [electronic resource]
260 ## - PUBLICATION, DISTRIBUTION, ETC.
Place of publication, distribution, etc. London
Name of publisher, distributor, etc. DEFRA
Date of publication, distribution, etc. 2009
505 2# - FORMATTED CONTENTS NOTE
Formatted contents note Executive summary -- Background -- Supporting communities in adapting to coastal change -- Preparing and planning for change -- Managing change -- Summary of consultation questions -- Glossary
520 ## - SUMMARY, ETC.
Summary, etc. Seeks views on a new coastal change consultation which presents ideas on how communities can effectively adapt to the impact of coastal changes and the role of Government in supporting this. Presents their new coastal change pathfinder programme. Seeks views on a proposed approach to enabling local authorities to assist home owners who lose their home as a result of coastal erosion. Accompanied by other documents entitled "Coastal change fund impact assessment", "Coastal erosion assistance package Impact Assessment", and the list of consultees, all available to download from the website.
520 ## - SUMMARY, ETC.
Summary, etc. Deadline for responses is 25 September 2009.
521 ## - TARGET AUDIENCE NOTE
Target audience note Advanced
590 ## - LOCAL NOTE (RLIN)
Local note KA NTK
651 #4 - SUBJECT ADDED ENTRY--GEOGRAPHIC NAME
Geographic name England and Wales
Chronological subdivision 1543-
690 ## - LOCAL SUBJECT ADDED ENTRY--TOPICAL TERM (OCLC, RLIN)
Topical term or geographic name as entry element ENVIRONMENTAL AND LAND CONSULTANCY-WATER RESOURCE MANAGEMENT
856 40 - ELECTRONIC LOCATION AND ACCESS
Uniform Resource Identifier <a href="https://www.defra.gov.uk/corporate/consult/coastal-change/index.htm">https://www.defra.gov.uk/corporate/consult/coastal-change/index.htm</a>
Public note View the consultation free of charge at www.defra.gov.uk...
942 ## - ADDED ENTRY ELEMENTS (KOHA)
Suppress in OPAC 0
Holdings
Withdrawn status Lost status Source of classification or shelving scheme Damaged status Not for loan Home library Current library Shelving location Date acquired Total Checkouts Full call number Barcode Date last seen Copy number Price effective from Koha item type
    Dewey Decimal Classification     Virtual Virtual Online 16/06/2009   ONLINE PUBLICATION 147770-2001 06/08/2019 1 06/08/2019 Book